Statistieken voor Top 15 landen met Covid-19 sterfgevallen - 1 september 2022

Klik hier om de quiz te nemen!

Algemene statistieken

  • Deze quiz is 6 keer genomen
  • De gemiddelde score is 11 van 27

Antwoordstatistieken

land% Correct
Italië
83%
Verenigde Staten
83%
Verenigd Koninkrijk
83%
Argentinië
67%
Brazilië
67%
Duitsland
67%
Frankrijk
67%
India
67%
Rusland
67%
Mexico
50%
Polen
50%
Bulgarije
33%
Hongarije
33%
Kroatië
33%
Litouwen
33%
Roemenië
33%
Bosnië en Herzegovina
17%
Colombia
17%
Georgië
17%
Letland
17%
Noord-Macedonië
17%
Peru
17%
Slovenië
17%
Slowakije
17%
Tsjechië
17%
Indonesië
0%
Iran
0%

Scoreverdeling

Percentiel versus Aantal Correcte Antwoorden

Procent van Mensen met Elke Score

Uw Scoregeschiedenis

U heeft deze quiz nog niet genomen